000 00454cam a2200181 i 4500
001 63418
005 20230411085920.0
008 081016b2006 dr a 000 0 spa
040 _aDRFGD
_bspa
041 _aspa
050 1 4 _a
100 _aHernández Cornelía .
245 0 0 _aSexto vuelo del aguila :
_bSexta individual /
_cCornelía Hernández .
260 _aSanto Domingo
_c2006
300 _a16p ill,
942 _2lcc
_cbk
946 _aclperez
999 _c109264
_d109264